Data envelopment analysis: A comprehensive text with models, applications, references and DEA-solver software (Record no. 29750)

MARC details
000 -LEADER
fixed length control field 01124nam a2200337Ia 4500
003 - CONTROL NUMBER IDENTIFIER
control field OSt
005 - DATE AND TIME OF LATEST TRANSACTION
control field 20220912145344.0
008 - FIXED-LENGTH DATA ELEMENTS--GENERAL INFORMATION
fixed length control field 220909b |||||||| |||| 00| 0 eng d
020 ## - INTERNATIONAL STANDARD BOOK NUMBER
International Standard Book Number 0387452818 (hbd)
037 ## - SOURCE OF ACQUISITION
Terms of availability Textbook
040 ## - CATALOGING SOURCE
Original cataloging agency CSL
Language of cataloging eng
Transcribing agency CSL
041 ## - LANGUAGE CODE
Language code of text/sound track or separate title eng
100 ## - MAIN ENTRY--PERSONAL NAME
Personal name Cooper William W
245 #0 - TITLE STATEMENT
Title Data envelopment analysis: A comprehensive text with models, applications, references and DEA-solver software
250 ## - EDITION STATEMENT
Edition statement 2
260 ## - PUBLICATION, DISTRIBUTION, ETC.
Place of publication, distribution, etc. New York
Name of publisher, distributor, etc. Springer Science+Business Media
Date of publication, distribution, etc. 2007
300 ## - PHYSICAL DESCRIPTION
Extent xxiii, 490p. Includes CD-Rom
Dimensions cm.
500 ## - GENERAL NOTE
General note Appendix A-C, 443-477p.; Index 479-490p.
650 ## - SUBJECT ADDED ENTRY--TOPICAL TERM
Topical term or geographic name entry element Data models
650 ## - SUBJECT ADDED ENTRY--TOPICAL TERM
Topical term or geographic name entry element DEA models
650 ## - SUBJECT ADDED ENTRY--TOPICAL TERM
Topical term or geographic name entry element Operational Research
700 ## - ADDED ENTRY--PERSONAL NAME
Personal name Seiford Lawrence M
700 ## - ADDED ENTRY--PERSONAL NAME
Personal name Tone Kaoru
942 ## - ADDED ENTRY ELEMENTS (KOHA)
Classification part B280b9S, P7 TOR
Koha item type Textbook
Source of classification or shelving scheme Colon Classification (CC)
Holdings
Withdrawn status Lost status Damaged status Not for loan Home library Current library Date acquired Source of acquisition Total Checkouts Full call number Barcode Date last seen Price effective from Koha item type
        Central Science Library Central Science Library 2022-09-12 2148, 01/11/2007, Unilib Book Distributors   B280b9S P7 TOR SL1380094 2022-09-12 2022-09-12 Textbook
Copyright @ Delhi University Library System